[Event "for NEW players (#36) - 10d+1d/m"]
[Site "SchemingMind.com"]
[Date "2010.12.04"]
[Round "-"]
[White "DreamCreature"]
[Black "Tuisceanach44"]
[Result "0-1"]
[WhiteCountry "USA"]
[BlackCountry "IRL"]
[WhiteElo "1379"]
[WhiteRD "210"]
[BlackElo "1603"]
[BlackRD "215"]
[GameID "268510"]

1. e4 c5 2. Nf3 d6 3. d4 cxd4 4. Qxd4 Nc6 5. Bb5 Bd7 6. Bxc6 Bxc6 7. Nc3 Nf6 8. Bd2 g6 9. O-O Bg7 10. Rad1 O-O
11. Be3 Nxe4 12. Qd3 Nxc3 13. bxc3 Bxf3 14. gxf3 Qc7 15. Bg5 Rfe8 16. Rfe1 Rac8 17. Qe3 Bxc3 18. Re2 Bg7 19. Qxa7 Ra8 20. Rxe7 Qxe7
21. Bxe7 Rxa7 22. Bxd6 Rd8 23. c4 b6 24. Rd5 Rxa2 25. Bc7 Rxd5 26. cxd5 b5 27. d6 Rd2 28. Kf1 Be5 29. Ke1 Rd5 30. Ke2 Bxd6
31. Bxd6 Rxd6
0-1

[Event "for NEW players (#36) - 10d+1d/m"]
[Site "SchemingMind.com"]
[Date "2010.12.05"]
[Round "-"]
[White "Tuisceanach44"]
[Black "DreamCreature"]
[Result "1-0"]
[WhiteCountry "IRL"]
[BlackCountry "USA"]
[WhiteElo "1944"]
[WhiteRD "121"]
[BlackElo "1582"]
[BlackRD "121"]
[GameID "268512"]

1. d4 d5 2. c4 e6 3. Nc3 Bb4 4. Qa4+ Nc6 5. a3 Bxc3+ 6. bxc3 Bd7 7. cxd5 exd5 8. Qb3 Nge7 9. Bg5 f6 10. Bf4 Na5
11. Qb2 O-O 12. e3 Ng6 13. Bg3 b5 14. Bd3 Rb8 15. Ne2 Nc4 16. Qc2 Re8 17. O-O Bg4 18. Nf4 f5 19. h3 Nxf4 20. Bxf4 g5
21. Bh2 Bh5 22. Bxf5 Re7 23. Rfb1 Qf8 24. a4 a6 25. axb5 axb5 26. g4 Rf7 27. Bd3 Bxg4 28. hxg4 Na3 29. Rxa3 Qxa3 30. Bxb5 Qa5
31. Qb3 Rf6 32. Qxd5+ Kf8 33. Qc5+ Kf7 34. Bc4+ Kg7 35. Qe7+ Kg6 36. Bd3+
1-0

[Event "for NEW players (#36) - 10d+1d/m"]
[Site "SchemingMind.com"]
[Date "2010.12.04"]
[Round "-"]
[White "snits"]
[Black "Tuisceanach44"]
[Result "0-1"]
[WhiteCountry "USA"]
[BlackCountry "IRL"]
[WhiteElo "1770"]
[WhiteRD "125"]
[BlackElo "2037"]
[BlackRD "99"]
[GameID "268581"]

1. e4 c5 2. c3 d5 3. exd5 Qxd5 4. d4 Nf6 5. Nf3 e6 6. Be3 cxd4 7. cxd4 Bb4+ 8. Nc3 O-O 9. Bd3 b6 10. O-O Bxc3
11. bxc3 Ba6 12. Bxa6 Nxa6 13. Qe2 Nb8 14. c4 Qe4 15. Rad1 Nc6 16. Rfe1 Rfd8 17. h3 h6 18. Qd2 Qh7 19. Nh2 Rac8 20. Qb2 Na5
21. Rc1 Rxc4 22. Nf3 Ne4 23. Ne5 Rcc8 24. Rxc8 Rxc8 25. Rc1 Rf8 26. Rc7 Nf6 27. Qc1 Qe4 28. Rxa7 Nd5 29. Nd7 Rd8 30. Nxb6 Nxe3
0-1

[Event "for NEW players (#36) - 10d+1d/m"]
[Site "SchemingMind.com"]
[Date "2010.12.01"]
[Round "-"]
[White "snits"]
[Black "DreamCreature"]
[Result "1-0"]
[WhiteCountry "USA"]
[BlackCountry "USA"]
[WhiteElo "1739"]
[WhiteRD "253"]
[BlackElo "1379"]
[BlackRD "210"]
[GameID "268582"]

1. e4 e5 2. Nf3 Nc6 3. d4 exd4 4. Nxd4 Bc5 5. Nxc6 Qf6 6. Qd2 Qxc6 7. Bd3 Nf6 8. O-O d6 9. Nc3 a6 10. Nd5 Nxd5
11. exd5 Qb6 12. Re1+ Kf8 13. Qe2 Bd7 14. Qe7+ Kg8 15. Be3 Bb5 16. Bxc5 Qxc5 17. Bxb5 Qxb5 18. a4
1-0

[Event "for NEW players (#36) - 10d+1d/m"]
[Site "SchemingMind.com"]
[Date "2010.12.06"]
[Round "-"]
[White "Tuisceanach44"]
[Black "snits"]
[Result "1-0"]
[WhiteCountry "IRL"]
[BlackCountry "USA"]
[WhiteElo "2037"]
[WhiteRD "99"]
[BlackElo "1770"]
[BlackRD "125"]
[GameID "268584"]

1. e4 c6 2. d4 d5 3. Nc3 dxe4 4. Nxe4 Nf6 5. Nxf6+ gxf6 6. Bc4 Bf5 7. Ne2 e6 8. Be3 Bd6 9. Qd2 Qc7 10. O-O-O Nd7
11. h3 O-O-O 12. f3 h5 13. Bd3 Bxd3 14. Qxd3 Rhg8 15. g4 hxg4 16. fxg4 Nb6 17. Kb1 Be7 18. Qh7 Bd6 19. Nc3 Bb4 20. Ne2 Nd5
21. Bc1 Rh8 22. Qe4 Qb6 23. Qf3 Qb5 24. c3 Bd6 25. Nf4 Nb6 26. Nh5 f5 27. gxf5
1-0

[Event "for NEW players (#36) - 10d+1d/m"]
[Site "SchemingMind.com"]
[Date "2010.12.01"]
[Round "-"]
[White "DreamCreature"]
[Black "snits"]
[Result "0-1"]
[WhiteCountry "USA"]
[BlackCountry "USA"]
[WhiteElo "1582"]
[WhiteRD "121"]
[BlackElo "1793"]
[BlackRD "144"]
[GameID "268585"]

1. e4 c6 2. d4 d5 3. exd5 cxd5 4. c4 Nf6 5. Nc3 e6 6. Nf3 Bb4 7. Bd2 O-O 8. Qb3 Nc6 9. cxd5 exd5 10. Bb5 Bxc3
11. bxc3 Bg4 12. Be2 Qd7 13. O-O Rfe8 14. Rfe1 Ne4 15. Be3 a6 16. Rac1 Rac8 17. Rc2 Bxf3 18. Bxf3 Na5 19. Qb4 Nc4 20. a4 Rc6
21. Rb1 Rb6 22. Qxb6 Nxb6 23. Rxb6 Qxa4 24. Bxe4 Rxe4 25. Rxb7 Qa1+ 26. Rc1 Qxc1+
0-1

[Event "for NEW players (#36) - 10d+1d/m"]
[Site "SchemingMind.com"]
[Date "2010.12.04"]
[Round "-"]
[White "nightghost"]
[Black "snits"]
[Result "0-1"]
[WhiteCountry "POL"]
[BlackCountry "USA"]
[WhiteElo "1639"]
[WhiteRD "72"]
[BlackElo "1793"]
[BlackRD "144"]
[GameID "268971"]

1. d4 Nf6 2. c4 g6 3. b3 Bg7 4. Bb2 O-O 5. e3 d5 6. Nf3 c5 7. dxc5 Qa5+ 8. Nbd2 Bg4 9. h3 Bxf3 10. Qxf3 Ne4
11. O-O-O Bxb2+ 12. Kxb2 Qc3+ 13. Kb1 Nxd2+ 14. Rxd2 Qxd2 15. cxd5 Rc8 16. Bc4 Rxc5 17. d6 Rxc4 18. bxc4 Nc6 19. dxe7 Nb4 20. Qe4 Re8
21. c5 Qxa2+ 22. Kc1 Qa3+ 23. Kd2 Qb2+ 24. Kd1 Rxe7 25. Qxe7 Qc2+ 26. Ke1 Nd3+ 27. Kf1 Qd1#
0-1

[Event "for NEW players (#36) - 10d+1d/m"]
[Site "SchemingMind.com"]
[Date "2010.12.04"]
[Round "-"]
[White "nightghost"]
[Black "Tuisceanach44"]
[Result "0-1"]
[WhiteCountry "POL"]
[BlackCountry "IRL"]
[WhiteElo "1537"]
[WhiteRD "97"]
[BlackElo "1603"]
[BlackRD "215"]
[GameID "268972"]

1. e4 c5 2. d4 cxd4 3. Qxd4 Nc6 4. Qc3 d6 5. Bb5 Bd7 6. b3 Nf6 7. Nd2 Rc8 8. Bb2 a6 9. Bxc6 Bxc6 10. Qd3 e6
11. c4 Be7 12. Ne2 O-O 13. O-O b5 14. Rac1 bxc4 15. bxc4 Rb8 16. Rc2 Ba4 17. Nb3 Qb6 18. Bxf6 Bxf6 19. Rb1 Rfd8 20. Nd2 Bxc2
21. Qxc2 Qa5 22. Nb3 Qa4 23. Qd3 Qxa2 24. Nbc1 Qxb1
0-1

[Event "for NEW players (#36) - 10d+1d/m"]
[Site "SchemingMind.com"]
[Date "2010.12.04"]
[Round "-"]
[White "nightghost"]
[Black "DreamCreature"]
[Result "1-0"]
[WhiteCountry "POL"]
[BlackCountry "USA"]
[WhiteElo "1639"]
[WhiteRD "72"]
[BlackElo "1582"]
[BlackRD "121"]
[GameID "268973"]

1. d4 d5 2. c4 e6 3. Nc3 Nf6 4. Bg5 Be7 5. e3 O-O 6. Bd3 dxc4 7. Bxc4 b6 8. Nge2 Bb7 9. O-O Nc6 10. e4 Na5
11. Bd3 h6 12. Bxf6 Bxf6 13. e5 Bg5 14. f4 Bh4 15. b4 Nc6 16. Be4 Rb8 17. a3 a5 18. Bxc6 Bxc6 19. b5 Bb7 20. Qd3 c5
21. f5 cxd4 22. Nxd4 exf5 23. Rxf5 Qd7 24. Ne4 Qd5 25. e6 Bf2+ 26. Kxf2 fxe6 27. Rxf8+ Rxf8+ 28. Ke3 Rd8 29. Rd1 Qh5 30. Qe2 Qxe2+
31. Kxe2 Bxe4 32. Nxe6 Rxd1 33. Kxd1 Bxg2 34. Ke2 Kf7 35. Nf4 Be4 36. Ke3 Bf5 37. Nd5 Bd7 38. a4 Be6 39. Kd4 Bxd5 40. Kxd5 Ke7
41. Kc6 Kd8 42. Kxb6 g5 43. Kb7 h5 44. b6 g4 45. Ka7 h4 46. b7 g3 47. b8=Q+
1-0

[Event "for NEW players (#36) - 10d+1d/m"]
[Site "SchemingMind.com"]
[Date "2010.12.05"]
[Round "-"]
[White "snits"]
[Black "nightghost"]
[Result "1-0"]
[WhiteCountry "USA"]
[BlackCountry "POL"]
[WhiteElo "1793"]
[WhiteRD "144"]
[BlackElo "1639"]
[BlackRD "72"]
[GameID "268975"]

1. e4 e5 2. Nf3 Nc6 3. d4 exd4 4. Nxd4 Nxd4 5. Qxd4 c5 6. Qd1 g6 7. Bc4 Bg7 8. O-O Qh4 9. Nc3 Bxc3 10. bxc3 Ne7
11. Qf3 O-O 12. g3 Qh3 13. Qf6 Nc6 14. Rd1 Qh5 15. Rd5 Qh3 16. Rf5 Nd8 17. Bf1 Qg4 18. f3 Qxf5 19. exf5 gxf5 20. Bh6 Ne6
21. Re1
1-0

[Event "for NEW players (#36) - 10d+1d/m"]
[Site "SchemingMind.com"]
[Date "2010.12.09"]
[Round "-"]
[White "Tuisceanach44"]
[Black "nightghost"]
[Result "1-0"]
[WhiteCountry "IRL"]
[BlackCountry "POL"]
[WhiteElo "1944"]
[WhiteRD "121"]
[BlackElo "1639"]
[BlackRD "72"]
[GameID "268976"]

1. e4 e5 2. Nf3 Nc6 3. Bc4 Nf6 4. d4 exd4 5. O-O d6 6. Nxd4 Nxd4 7. Qxd4 c5 8. Qd3 g6 9. Bg5 Bg7 10. Nc3 O-O
11. Rad1 Be6 12. Bxe6 fxe6 13. Qxd6 Qxd6 14. Rxd6 e5 15. Rfd1 Ne8 16. Rd7 b6 17. Nd5 h6 18. Ne7+ Kh7 19. R1d3 Rf7 20. Bh4 g5
21. Bg3 Nf6 22. Rc7 Nxe4 23. Nd5 Rxc7 24. Nxc7 Rc8 25. Ne6 Nxg3 26. Rxg3 Re8 27. Nxg7 Kxg7 28. Re3 Rd8 29. Kf1 Kf6 30. Ke2 a5
31. g4 b5 32. b3 b4 33. c4 bxc3 34. Rxc3 Rd5 35. f3 Kg6 36. Rc4 h5 37. h3 hxg4 38. hxg4 Kf6 39. Ra4 Rd8 40. Rxa5 Rc8
41. Ra6+ Ke7 42. Kd3 Rd8+ 43. Ke4
1-0

[Event "for NEW players (#36) - 10d+1d/m"]
[Site "SchemingMind.com"]
[Date "2010.12.05"]
[Round "-"]
[White "DreamCreature"]
[Black "nightghost"]
[Result "1-0"]
[WhiteCountry "USA"]
[BlackCountry "POL"]
[WhiteElo "1379"]
[WhiteRD "210"]
[BlackElo "1537"]
[BlackRD "97"]
[GameID "268977"]

1. e4 e5 2. f4 exf4 3. Nf3 g5 4. h4 gxh4 5. Nxh4 Bg7 6. d4 d6 7. Bxf4 Qf6 8. Be3 Ne7 9. Nc3 b6 10. g3 Bb7
11. Bg2 c6 12. Qd2 Nd7 13. O-O-O O-O-O 14. g4 Qe6 15. Nf5 Nxf5 16. gxf5 Qe7 17. Rhg1 Bf6 18. d5 cxd5 19. Nxd5 Bxd5 20. Qxd5 Nb8
21. Rd3 Rhg8 22. Bd4 Bxd4 23. Rxd4 Rg4 24. f6 Qf8 25. Bh3 Qh6+ 26. Kb1 Qxh3 27. Rc4+ Nc6 28. Qxc6+ Kb8 29. Qc7+ Ka8 30. Qxd8+ Kb7
31. Qc8#
1-0

[Event "for NEW players (#36) - 10d+1d/m"]
[Site "SchemingMind.com"]
[Date "2010.12.05"]
[Round "-"]
[White "flammablepawn"]
[Black "snits"]
[Result "1-0"]
[WhiteCountry "USA"]
[BlackCountry "USA"]
[WhiteElo "1835"]
[WhiteRD "125"]
[BlackElo "1793"]
[BlackRD "144"]
[GameID "269007"]

1. b4 e5 2. Bb2 d6 3. e4 Nf6 4. Nc3 Be7 5. Nf3 O-O 6. Be2 Re8 7. O-O Bf8 8. d3 Bg4 9. h3 Bd7 10. a4 Nc6
11. b5 Nd4 12. Nxd4 exd4 13. Nb1
1-0

[Event "for NEW players (#36) - 10d+1d/m"]
[Site "SchemingMind.com"]
[Date "2010.12.04"]
[Round "-"]
[White "flammablepawn"]
[Black "Tuisceanach44"]
[Result "0-1"]
[WhiteCountry "USA"]
[BlackCountry "IRL"]
[WhiteElo "1835"]
[WhiteRD "125"]
[BlackElo "1944"]
[BlackRD "121"]
[GameID "269008"]

1. b4 e5 2. Bb2 f6 3. b5 d5 4. e3 Be6 5. Nf3 Bb4 6. Be2 Ne7 7. O-O c5 8. d3 Nd7 9. c3 Ba5 10. Nbd2 Qc7
11. Nb3 Bb6 12. a4 a5 13. d4 c4 14. Nbd2 e4 15. Ne1 f5 16. f4 Nf6 17. Bh5+ g6 18. Be2 O-O-O 19. h3 h5 20. g3 Rdg8
21. h4 Rg7 22. Rf2 Ng4 23. Bxg4 hxg4 24. Rh2 Ng8 25. Nf1 Qd8 26. Ng2 Qe8 27. Ba3 Bc7 28. b6 Bxb6 29. Bc5 Bc7 30. Rb1 Qc6
31. Rb2 b6 32. Ba3 Bd8
0-1

[Event "for NEW players (#36) - 10d+1d/m"]
[Site "SchemingMind.com"]
[Date "2010.12.04"]
[Round "-"]
[White "flammablepawn"]
[Black "DreamCreature"]
[Result "0-1"]
[WhiteCountry "USA"]
[BlackCountry "USA"]
[WhiteElo "1773"]
[WhiteRD "125"]
[BlackElo "1658"]
[BlackRD "109"]
[GameID "269009"]

1. b4 e5 2. Bb2 e4 3. e3 Nf6 4. b5 c6 5. a4 d5 6. c4 Be7 7. Nc3 O-O 8. cxd5 cxd5 9. Nge2 Nbd7 10. Ng3 b6
11. d4 exd3 12. Bxd3 Ne5 13. Bc2 Nc4 14. Bc1 Bb7 15. O-O Bc5 16. Qd3 Re8 17. Nh5 g6 18. Nf4 a6 19. Bb3 Rc8 20. Rd1 axb5
21. axb5 Ne5 22. Qd2 Bb4 23. Bb2 Ne4 24. Qd4 Nxc3 25. Qxb4 Nxd1 26. Rxd1 Qd7 27. Bxd5 Rc5 28. Bb3 Qxb5 29. Qxb5 Rxb5 30. Bxe5 Rxb3
31. Bd4 Be4 32. f3 Bc2 33. Rc1 Rc8 34. Kf2 b5 35. Nd5 Kf8 36. e4 Rb1 37. Rxb1 Bxb1 38. Bc3 Ba2 39. Bb4+ Kg7 40. Bc3+ Kh6
41. Bd2+ g5 42. h4 Bxd5 43. Bxg5+ Kg6 44. exd5 f6 45. Be3 Rd8 46. Ke2 Rxd5
0-1

[Event "for NEW players (#36) - 10d+1d/m"]
[Site "SchemingMind.com"]
[Date "2010.12.05"]
[Round "-"]
[White "flammablepawn"]
[Black "nightghost"]
[Result "1-0"]
[WhiteCountry "USA"]
[BlackCountry "POL"]
[WhiteElo "1835"]
[WhiteRD "125"]
[BlackElo "1639"]
[BlackRD "72"]
[GameID "269011"]

1. b4 e6 2. Bb2 Nf6 3. b5 d5 4. Nf3 c5 5. e3 Be7 6. Be2 O-O 7. O-O Qb6 8. a4 a5 9. d3 Qc7 10. Nbd2 Nfd7
11. c4 f6 12. d4 Bd6 13. cxd5 exd5 14. dxc5 Nxc5 15. Nb3 Rd8 16. Nxc5 Bxc5 17. Rc1 b6 18. Qc2 Bb7 19. Ba3 Nd7 20. Nd4 Qd6
21. Bxc5 Nxc5 22. Bg4 Rf8 23. Qa2 Kh8 24. Bf3 Nd3 25. Rc3 Ne5 26. Be2 f5 27. Nf3 Ng4 28. h3 Ne5 29. Nxe5 Qxe5 30. Rfc1 Qe4
31. Bf3 Qe5 32. Rc7 Rab8 33. Rd7 Rfd8 34. Rcc7 Rxd7 35. Rxd7 Rc8 36. g3 Ba8 37. Bxd5 Bxd5 38. Qxd5 Qxd5 39. Rxd5 g6 40. Rd6 Rc4
41. Rxb6 Rxa4 42. Ra6 Ra1+ 43. Kg2 a4 44. b6 Rb1 45. Ra8+ Kg7 46. Ra7+ Kf6 47. b7 a3 48. b8=Q Rxb8 49. Rxa3 Rb6 50. Ra7 h5
51. h4 g5 52. hxg5+ Kxg5 53. f4+ Kg6 54. Re7 Kf6 55. Re8 Kf7 56. Re5 Kf6 57. e4 fxe4 58. Rxe4 Rb2+ 59. Kh3 Rb1 60. Re5 Rf1
61. Kg2 Rc1 62. Rxh5 Rc2+ 63. Kf3 Rc3+ 64. Kg4
1-0

[Event "for NEW players (#36) - 10d+1d/m"]
[Site "SchemingMind.com"]
[Date "2010.12.05"]
[Round "-"]
[White "snits"]
[Black "flammablepawn"]
[Result "1-0"]
[WhiteCountry "USA"]
[BlackCountry "USA"]
[WhiteElo "1793"]
[WhiteRD "144"]
[BlackElo "1835"]
[BlackRD "125"]
[GameID "269012"]

1. e4 e6 2. d4 d5 3. Nc3 Nf6 4. Bg5 dxe4 5. Nxe4 Be7 6. Bxf6 Bxf6 7. Nf3 O-O 8. c3 Nd7 9. Bd3 Be7 10. O-O c5
11. dxc5 Nxc5 12. Nxc5 Bxc5 13. Qe2 Rb8 14. Rad1 Qe7 15. Qe5 Ra8 16. Bxh7+ Kxh7 17. Qh5+
1-0

[Event "for NEW players (#36) - 10d+1d/m"]
[Site "SchemingMind.com"]
[Date "2010.12.09"]
[Round "-"]
[White "Tuisceanach44"]
[Black "flammablepawn"]
[Result "1-0"]
[WhiteCountry "IRL"]
[BlackCountry "USA"]
[WhiteElo "1944"]
[WhiteRD "121"]
[BlackElo "1835"]
[BlackRD "125"]
[GameID "269013"]

1. d4 e6 2. c4 d5 3. Nc3 c6 4. e4 dxe4 5. Nxe4 Bb4+ 6. Bd2 Qxd4 7. Bxb4 Qxe4+ 8. Be2 Ne7 9. Qd2 Ng6 10. O-O-O Nd7
11. Nh3 Qe5 12. Bc3 Qe4 13. f3 Qf5 14. Bxg7
1-0

[Event "for NEW players (#36) - 10d+1d/m"]
[Site "SchemingMind.com"]
[Date "2010.12.04"]
[Round "-"]
[White "DreamCreature"]
[Black "flammablepawn"]
[Result "0-1"]
[WhiteCountry "USA"]
[BlackCountry "USA"]
[WhiteElo "1582"]
[WhiteRD "121"]
[BlackElo "1835"]
[BlackRD "125"]
[GameID "269014"]

1. e4 e6 2. d4 d5 3. exd5 exd5 4. c4 Nc6 5. Be3 Bb4+ 6. Nc3 Nf6 7. Nf3 O-O 8. Be2 Ne4 9. Qc2 Bf5 10. Bd3 Bxc3+
11. bxc3 Re8 12. O-O dxc4 13. Bxc4 Nd6 14. Bd3 Bxd3 15. Qxd3 Qf6 16. Ng5 Qg6 17. Qxg6 hxg6 18. Rab1 b6 19. d5 Ne7 20. Rbd1 Rad8
21. Rd4 Ndf5 22. Rf4 Nxd5 23. Rf3 Ndxe3 24. fxe3 Rxe3 25. Rxe3 Nxe3 26. Rxf7 Rd5 27. Re7 Rxg5 28. Rxe3 Kf7 29. Rd3 Re5 30. Rd7+ Re7
31. Rxe7+ Kxe7 32. Kf2 Kf6 33. Ke3 Ke5 34. g4 g5 35. c4 c6 36. a4 a6 37. Kd3 g6 38. h3 b5 39. cxb5 cxb5 40. axb5 axb5
41. Kc3 Kf4 42. Kb4 Kg3 43. Kxb5 Kxh3 44. Kc4 Kxg4
0-1

[Event "for NEW players (#36) - 10d+1d/m"]
[Site "SchemingMind.com"]
[Date "2010.12.05"]
[Round "-"]
[White "nightghost"]
[Black "flammablepawn"]
[Result "0-1"]
[WhiteCountry "POL"]
[BlackCountry "USA"]
[WhiteElo "1639"]
[WhiteRD "72"]
[BlackElo "1835"]
[BlackRD "125"]
[GameID "269016"]

1. d4 e6 2. c4 d5 3. Nc3 c6 4. a4 dxc4 5. e3 Bb4 6. Bxc4 Nf6 7. Ne2 Nbd7 8. O-O O-O 9. Qc2 Nb6 10. Bd3 Nbd5
11. e4 Nxc3 12. bxc3 Be7 13. Bg5 Nd7 14. Bxe7 Qxe7 15. e5 h6 16. f4 c5 17. f5 exf5 18. Bxf5 cxd4 19. cxd4 Nb6 20. Qe4 Bxf5
21. Rxf5 Rad8 22. Rh5 Nd5 23. Qg4 Qe6 24. Qxe6 fxe6 25. a5 Nf4 26. Nxf4 Rxf4 27. Rb1 Rdxd4 28. g3 Rf7 29. Kg2 Rd5 30. Ra1 Rc7
31. Rh4 Rcc5 32. Rb4 Rb5 33. Rc4 Rxa5 34. Rc8+ Kh7 35. Rac1 Rxe5 36. Rb8 Rab5 37. Rc7 Rb2+ 38. Kh3 a5 39. Rd8 Rd5 40. Re8 Rb6
41. Ree7 Rg5 42. Kg2 a4 43. h3 a3 44. Rxb7 Rxb7 45. Rxb7 Ra5 46. Rb1 Kg6 47. Ra1 a2 48. Kf1 Kf5 49. Ke2 Ke4 50. Kd2 Kf3
0-1